| 000 | 00484nam a22001817a 4500 | ||
|---|---|---|---|
| 005 | 20260317132811.0 | ||
| 008 | 260317b |||||||| |||| 00| 0 eng d | ||
| 020 |
_a0896035476 _c1995.00 |
||
| 040 | _aMAIN | ||
| 041 | _aEnglish | ||
| 082 |
_a660.6 _bANI |
||
| 100 |
_aJenkins, Nigel (ed) _926509 |
||
| 245 |
_aAnimal Cell Biotechnology _bMethods and Protocols |
||
| 260 |
_aNew Jersey _bHumana Press _c2005 |
||
| 300 | _a302 | ||
| 650 |
_aBiological Science _914046 |
||
| 942 | _cBK | ||
| 999 |
_c60536 _d60536 |
||